Statistics for Countries sponsoring a UN Resolution to combat Nazism

Click here to take the quiz!

General Stats

  • This quiz has been taken 81 times
  • The average score is 19 of 39

Answer Stats

HintAnswer% Correct
28Russia
98%
11China
81%
5Belarus
61%
26North Korea
61%
37Venezuela
58%
38Vietnam
56%
13Cuba
55%
24Niger
55%
32Syria
55%
3Armenia
52%
19Kazakhstan
50%
25Nigeria
50%
27Pakistan
50%
2Angola
47%
12Congo
47%
21Mali
47%
1Algeria
45%
16Guinea
45%
20Laos
45%
22Myanmar
45%
7Bolivia
44%
8Burkina Faso
44%
15Ethiopia
44%
31Sudan
44%
33Tajikistan
44%
36Uzbekistan
44%
39Zimbabwe
44%
6Benin
42%
29South Africa
42%
14Eritrea
41%
9Burundi
39%
23Nicaragua
39%
30South Sudan
39%
35Uganda
39%
34Togo
38%
4Bangladesh
36%
18Ivory Coast
36%
10Central African Republic
34%
17Guyana
25%

Score Distribution

Percentile by Number Answered

Percent of People with Each Score

Your Score History

You have not taken this quiz